Land registry new rules response (Record no. 71619)

MARC details
000 -LEADER
fixed length control field 01173cam a2200217 4500
001 - CONTROL NUMBER
control field WB3843-16
008 - FIXED-LENGTH DATA ELEMENTS--GENERAL INFORMATION
fixed length control field 021121n2002 000 0 eng u
035 ## - SYSTEM CONTROL NUMBER
System control number (Sirsi) u120549
245 ## - TITLE STATEMENT
Title Land registry new rules response
260 ## - PUBLICATION, DISTRIBUTION, ETC.
Date of publication, distribution, etc. 2002
490 ## - SERIES STATEMENT
Series statement RICS Policy Unit Submission
Volume/sequential designation 20 November 2002, (4)
520 ## - SUMMARY, ETC.
Summary, etc. RICS written response to the new rules consultation paper focuses on form L1 as potential standard lease, support for a statutory right to inspect title registers, making mandatory the property characteristics section in forms AP1/FR1, greater flexibility in the level of accuracy sought in form DB and extending the period of time for objecting to an application to determine an exact line of a boundary. Consultation paper is available at http://legislation.landreg.gov.uk/content/rules/default.asphttp://www.rics.org/ricscms/bin/show?class=Policy&template=/includes/showpolicy.html&id=727&faculty=RICS
590 ## - LOCAL NOTE (RLIN)
Local note WB
650 ## - SUBJECT ADDED ENTRY--TOPICAL TERM
Topical term or geographic name entry element ECONVEYANCING
650 ## - SUBJECT ADDED ENTRY--TOPICAL TERM
Topical term or geographic name entry element HM LAND REGISTRY
650 ## - SUBJECT ADDED ENTRY--TOPICAL TERM
Topical term or geographic name entry element HM LAND REGISTRY
650 ## - SUBJECT ADDED ENTRY--TOPICAL TERM
Topical term or geographic name entry element EBUSINESS
650 ## - SUBJECT ADDED ENTRY--TOPICAL TERM
Topical term or geographic name entry element LAND REGISTRATION ACT 2002
690 ## - LOCAL SUBJECT ADDED ENTRY--TOPICAL TERM (OCLC, RLIN)
Topical term or geographic name as entry element PROPERTY AND LAND LAW-CONVEYANCING
942 ## - ADDED ENTRY ELEMENTS (KOHA)
Suppress in OPAC 0
Holdings
Withdrawn status Lost status Source of classification or shelving scheme Damaged status Not for loan Home library Current library Shelving location Date acquired Total Checkouts Full call number Barcode Date last seen Copy number Price effective from Koha item type
    Dewey Decimal Classification     London London News article 21/11/2002   WB3843-16) 120549-1001 06/08/2019 1 06/08/2019 News article